000 00922nas a2200289 4500
001 BR0401432
003 BR-BrBNA
005 20231205104419.0
007 ta
008 230509b bl.|||p| |||| 00| 00por d
040 _aBR-BrBNA
_bpor
_cBiblioteca Nacional de Agricultura
041 _a(Pt)
072 _aK10; E20
100 1 _aFalcão, A.O.
100 1 _aBorges, J.G.
245 1 _aHeurísticas para a integração de níveis estratégico e operacional da gestão florestal em problemas de grande dimensão
650 _aGEOGRAFIA
650 _aPLANEJAMENTO ESTRATÉGICO
650 _aPLANEJAMENTO FLORESTAL
650 _aTRANSPORTE
650 _aDESBASTE
650 _aADMINISTRAÇÃO FLORESTAL
650 _aMODELO MATEMÁTICO
773 0 _tScientia Forestalis (Brazil)
_xISSN 1413-9324
_g(Jun 2003), (no. 63) p. 94-102
_wBR0401432
909 _a202311
_bLúcia
_c55
_dLúcia Elande
942 _2AGRIS
_n0
_cANA
999 _c178014
_d178014